Akcionári burzy si nadelili dividendy

Hospodárenie Burzy cenných papierov v Bratislave (BCPB) v r. 2002 - čistý zisk. Akcionári burzy si na valnom zhromaždení v apríli 2003 rozdelili na dividendy vlaňajší zisk, ale aj disponibilný zisk z predchádzajúcich rokov. Od júla nebude BCPB jediným organizátoron trhu cenných papierov. Investori b...

Descripción completa

Guardado en:
Detalles Bibliográficos
Autor principal: Kyselý, Ľubor
Formato: Capítulo de libro
Lenguaje:eslovaco
Materias:
Etiquetas: Agregar Etiqueta
Sin Etiquetas, Sea el primero en etiquetar este registro!

MARC

LEADER 00000naa a2200000 4500
001 r048801
005 20230921114542.8
041 0 |a slo 
044 |a SK 
245 1 0 |a Akcionári burzy si nadelili dividendy  |c Ľubor Kyselý 
520 |a Hospodárenie Burzy cenných papierov v Bratislave (BCPB) v r. 2002 - čistý zisk. Akcionári burzy si na valnom zhromaždení v apríli 2003 rozdelili na dividendy vlaňajší zisk, ale aj disponibilný zisk z predchádzajúcich rokov. Od júla nebude BCPB jediným organizátoron trhu cenných papierov. Investori budú môcť využívať aj tzv. trh OTC (over the counter-cez priečinok) a obchodovať medzi sebou s akciami či dlhopismi aj cez priečinky centrálneho depozitára. Možnosť medzinárodného spojenia BCPB. 
610 2 0 |a burzy 
610 2 0 |a papiere cenné 
610 2 0 |a dlhopisy 
610 2 0 |a zisk 
610 2 0 |a dividendy 
610 2 0 |a spolupráca medzinárodná 
610 2 0 |a obchody burzové 
610 2 0 |a BCPB 
610 2 0 |a OTC 
100 1 |a Kyselý, Ľubor